Welcome to CU Library Online Public Access Catalogue (OPAC)

Research methods for business students / (Record no. 5023)

MARC details
000 -LEADER
fixed length control field 00716cam a22002298i 4500
001 - CONTROL NUMBER
control field 18624366
005 - DATE AND TIME OF LATEST TRANSACTION
control field 20250320172759.0
008 - FIXED-LENGTH DATA ELEMENTS--GENERAL INFORMATION
fixed length control field 150521s2015 nyu 000 0 eng
020 ## - INTERNATIONAL STANDARD BOOK NUMBER
International Standard Book Number 9781292016627
050 00 - LIBRARY OF CONGRESS CALL NUMBER
Classification number HD30.4
Item number .S28 2015
082 00 - DEWEY DECIMAL CLASSIFICATION NUMBER
Classification number 650.072
Edition information 23
100 1# - MAIN ENTRY--PERSONAL NAME
Personal name Saunders, M. N. K.
245 10 - TITLE STATEMENT
Title Research methods for business students /
Statement of responsibility, etc. Mark Saunders, Philip Lewis, Adrian Thornhill.
250 ## - EDITION STATEMENT
Edition statement Seventh edition.
300 ## - PHYSICAL DESCRIPTION
Extent pages cm
500 ## - GENERAL NOTE
General note Revised edition of Research methods for business students, 2012.
650 #0 - SUBJECT ADDED ENTRY--TOPICAL TERM
Topical term or geographic name entry element Business
General subdivision Research.
650 #0 - SUBJECT ADDED ENTRY--TOPICAL TERM
Topical term or geographic name entry element Business
General subdivision Research
-- Data processing.
700 1# - ADDED ENTRY--PERSONAL NAME
Personal name Lewis, Philip,
Dates associated with a name 1945-
700 1# - ADDED ENTRY--PERSONAL NAME
Personal name Thornhill, Adrian.
942 ## - ADDED ENTRY ELEMENTS (KOHA)
Source of classification or shelving scheme Library of Congress Classification
Koha item type Books
Suppress in OPAC No
999 ## -
-- 5023
-- 5023
Holdings
Withdrawn status Lost status Source of classification or shelving scheme Damaged status Not for loan Collection Home library Current library Shelving location Date acquired Total checkouts Full call number Barcode Date last seen Copy number Price effective from Koha item type
    Library of Congress Classification     Non-fiction Business Library (Miotso) Business Library (Miotso) General stacks 04/25/2025   HD 30.4 S 28 SAU BSSM00002038 04/25/2025 2 04/25/2025 Books
    Library of Congress Classification     Non-fiction Graduate Library (Christ Temple) Graduate Library (Christ Temple) General stacks 03/20/2025   HD 30.4 S 28 SAU GSCT00000714 03/20/2025 1 03/20/2025 Books
© 2023-2024 Copyright: Central University Libraries. All Rights Reserved | Created by: Mahone Tech Office